000 00663ntaaa2200241 4500
003 01
005 20251027203218.0
008 0714s1973 ag 01
020 _a9780827238046
040 _aAR-BaBN
_bspa
_cAR-BaBN
_eaacr
_dRIC
082 _a269.2 R25u
100 _aReese, Martha Grace
_934078
245 _aUnbinding the gospel :
_breal life evangelism /
_cMartha Grace Reese
250 _a1 ed.
260 _aSt. Louis :
_bChalice Press,
_c2006
300 _a150 p.
500 _aBibliografía p. 149-150.
650 _aOBRA EVANGELISTICA
_932427
650 _aMISIONES
650 _aRENOVACION ESPIRITUAL
_91759
650 _aTESTIMONIO
942 _cBK
999 _c27556
_d27556